Sports Quiz

Random Sports or Numbers Quiz

First To Go and Last Surviving Number 1 Seeds (2000s) Quiz Stats

 Plays Quiz not verified by Sporcle

Score 0/24 Timer 08:00
0 Plays Today
Year / First To Go or Last Surviving Team % Correct
2010 / LastDuke
92.9%
2011 / FirstPittsburgh
90.6%
2010 / FirstKansas
82.7%
2009 / LastUNC
78.7%
2008 / LastKansas
75.6%
2008 / FirstUNC & UCLA
71.7%
2007 / LastFlorida
70.9%
2005 / LastUNC
69.3%
2009 / FirstPittsburgh & Louisville
65.4%
2007 / FirstKansas & UNC
62.2%
2006 / LastMemphis & Villanova & UConn
62.2%
2004 / LastDuke
61.4%
Year / First To Go or Last Surviving Team % Correct
2006 / FirstDuke
60.6%
2001 / LastDuke
60.6%
2005 / FirstDuke & Washington
59.1%
2000 / LastMichigan St.
59.1%
2004 / FirstStanford & Kentucky
58.3%
2003 / FirstArizona & Kentucky & Oklahoma
55.9%
2002 / LastMaryland
55.9%
2003 / LastTexas
53.5%
2000 / FirstArizona & Stanford
46.5%
2011 / LastKansas
45.7%
2001 / FirstIllinois & Stanford
40.9%
2002 / FirstCincinnati
39.4%

You're not logged in!

Compare scores with friends on all Sporcle quizzes.
OR
Log In

Show Comments

Extras

Top Quizzes Today


Score Distribution

Your Account Isn't Verified!

In order to create a playlist on Sporcle, you need to verify the email address you used during registration. Go to your Sporcle Settings to finish the process.

Report this User

Report this user for behavior that violates our Community Guidelines.

Details: